|
|
|
|
| LEADER |
00000nam a2200000Ia 4500 |
| 008 |
161209b2011 mx ||||| |||| 00| | spa d |
| 999 |
|
|
|c 483
|d 483
|
| 020 |
|
|
|a 9786079165208
|
| 090 |
|
|
|a 06.03.03
|b 1393
|
| 100 |
1 |
|
|a Salas Luévano, Marco Antonio
|9 2027
|
| 245 |
1 |
0 |
|a Práctica de la enseñanza en telesecundarias: un estudio en el estado de Zacatecas /
|c Marco Antonio Salas Luévano, Elena Anatolievna Zhizhko
|
| 260 |
|
|
|a México :
|b Universidad Autónoma de Zacatecas. Unidad Académica de Docencia Superior,
|c 2011
|
| 300 |
|
|
|a 141 páginas
|
| 490 |
|
|
|a Tópicos educativos: políticas, cultura y diversificación educativa
|
| 650 |
1 |
4 |
|a EDUCACIÓN SECUNDARIA
|9 456
|
| 650 |
1 |
4 |
|a FORMACIÓN DE DOCENTES
|9 9
|
| 650 |
1 |
4 |
|a TELEVISIÓN EDUCATIVA
|9 2166
|
| 650 |
1 |
4 |
|a ENSEÑANZA
|9 14
|
| 651 |
|
4 |
|9 2029
|a ZACATECAS (MÉXICO)
|
| 700 |
1 |
|
|a Zhizhko, Elena Anatolievna
|9 2168
|
| 942 |
|
|
|i 002467
|h 06.03.03 1393
|2 z
|c 01
|